Skip to main content
Your cart is empty.
Your lists
Log in to create your own lists
Your cookies
العربية
English
العربية
Home
Search
Advanced search
Authority search
About
The noble scholar, jurist, historian
His Excellency Dr. Abdul Wahhab bin Ibrahim Abu Sulaiman, may Allah have mercy on him.
He was born in Umm Al-Qura in the year 1356 AH.
Library catalog
Title
Author
Subject
ISBN
ISSN
Series
Call number
Log in to your account
×
Login:
Password:
Home
MARC view: أحكام الإجهاض في الفقه الإسلامي /
Normal view
MARC view
ISBD view
أحكام الإجهاض في الفقه الإسلامي / (Record no. 690)
[
view plain
]
MARC details
000 -LEADER
fixed length control field
01319cam a2200301 i 4500
003 - CONTROL NUMBER IDENTIFIER
control field
SA-RiAUC
005 - DATE AND TIME OF LATEST TRANSACTION
control field
20240930130547.0
008 - FIXED-LENGTH DATA ELEMENTS--GENERAL INFORMATION
fixed length control field
240921s2009 xxk f b 000r0 ara c
040 ## - CATALOGING SOURCE
Original cataloging agency
SA-AbKKU
Language of cataloging
ara
Transcribing agency
SA-RiAUC
Description conventions
rda
082 04 - DEWEY DECIMAL CLASSIFICATION NUMBER
Classification number
214.61888
Assigning agency
SA-RiAUC
090 ## - LOCALLY ASSIGNED LC-TYPE CALL NUMBER (OCLC); LOCAL CALL NUMBER (RLIN)
Classification number (OCLC) (R) ; Classification number, CALL (RLIN) (NR)
214.61888
Local cutter number (OCLC) ; Book number/undivided call number, CALL (RLIN)
ر ح ي
100 1# - MAIN ENTRY--PERSONAL NAME
Personal name
رحيم، إبراهيم بن محمد بن قاسم بن محمد
Relator term
مؤلف.
245 10 - TITLE STATEMENT
Title
أحكام الإجهاض في الفقه الإسلامي /
Statement of responsibility, etc.
إبراهيم بن محمد قاسم بن محمد رحيم.
250 ## - EDITION STATEMENT
Edition statement
الطبعة الثانية.
264 #1 - PRODUCTION, PUBLICATION, DISTRIBUTION, MANUFACTURE, AND COPYRIGHT NOTICE
Place of production, publication, distribution, manufacture
مانشستر، بريطانيا :
Name of producer, publisher, distributor, manufacturer
مجلة الحكمة،
Date of production, publication, distribution, manufacture, or copyright notice
2009
300 ## - PHYSICAL DESCRIPTION
Extent
836 صفحة ؛
Dimensions
25 سم.
336 ## - CONTENT TYPE
Content type term
نص
Content type code
txt
Source
rdacontent
Materials specified
كتاب
337 ## - MEDIA TYPE
Media type term
بدون وسيط
Media type code
n
Source
rdamedia
338 ## - CARRIER TYPE
Carrier type term
مجلد
Carrier type code
nc
Source
rdacarrier
490 0# - SERIES STATEMENT
Series statement
سلسلة إصدارات الحكمة ؛
Volume/sequential designation
13
500 ## - GENERAL NOTE
General note
يشتمل على ملاحق.
500 ## - GENERAL NOTE
General note
الأصل أطروحة ماجستير-جامعة الإمام محمد بن سعود الإسلامية.
504 ## - BIBLIOGRAPHY, ETC. NOTE
Bibliography, etc. note
يشتمل على إرجاعات ببليوجرافية.
504 ## - BIBLIOGRAPHY, ETC. NOTE
Bibliography, etc. note
ببليوجرافية : صفحة 771-830.
650 #7 - SUBJECT ADDED ENTRY--TOPICAL TERM
Topical term or geographic name entry element
الإجهاض (فقه إسلامي)
Source of heading or term
aucsh
942 ## - ADDED ENTRY ELEMENTS (KOHA)
Source of classification or shelving scheme
Dewey Decimal Classification
Koha item type
Books
Suppress in OPAC
No
949 ## - LOCAL PROCESSING INFORMATION (OCLC)
a
SA-JeALM
d
240921
u
mohamedma123
n
1
Holdings
Withdrawn status
Lost status
Source of classification or shelving scheme
Damaged status
Not for loan
Home library
Current library
Date acquired
Total checkouts
Full call number
Barcode
Date last seen
Price effective from
Koha item type
Dewey Decimal Classification
DR AbdElwahab Library
DR AbdElwahab Library
09/30/2024
214.61888 ر ح ي
000000845
09/30/2024
09/30/2024
Books
Place hold
Print
Add to your cart
(remove)
Save record
BIBTEX
Dublin Core
MARCXML
MARC (non-Unicode/MARC-8)
MARC (Unicode/UTF-8)
MARC (Unicode/UTF-8, Standard)
MODS (XML)
RIS
ISBD
More searches
Search for this title in:
Other Libraries (WorldCat)
Other Databases (Google Scholar)
Online Stores (Bookfinder.com)
Open Library (openlibrary.org)
Exporting to Dublin Core...
×
Simple DC-RDF
OAI-DC
SRW-DC